The Law of Property

Detalles Bibliográficos
Autor principal: Chambers, Robert
Formato: eBook
Lenguaje:inglés
Publicado: Toronto: Irwin Law Inc., 2021
Materias:
Acceso en línea:Acceso restringido

MARC

LEADER 00000nam a22000007a 4500
005 2021082002412.0
007 cr|||| ||||
008 210820s2021 ca |||||s|||| 00||0 eng d
020 |a 978-1- 55221-625-5 
035 |a 35195 
040 |a vLex 
090 |c 12100  |d 12100 
100 1 |a Chambers, Robert 
245 1 3 |a  The Law of Property  |h [Recurso electrn̤ico] /  |c Robert Chambers 
256 |a Servicio en ln̕ea 
260 |a Toronto:  |b Irwin Law Inc.,  |c 2021 
300 |a 1 recurso electrn̤ico 
506 1 |a Disponible solo en los productos indicados  |d vLex Global  |d vLex Global (Academic Edition, excluding Law Schools)  |d vLex Global (U.S. Academic Edition, Law Schools)  |d vLex Global (U.S. Academic Edition, excluding Law Schools)  |d vLex Global (Academic Edition, Law Schools) 
650 0 4 |a Derecho Mercantil y de la Empresa  |z Canad̀ 
740 0 |a vLex Libros (Servicio en ln̕ea) 
856 4 0 |u https://app.vlex.com/#/sources/35195  |z Acceso restringido 
942 |c BOOK 
999 0 |a Commercial and Company Law